[Event "ESP Autonomico-chT"]
[Site "Spain"]
[Date "2006.04.01"]
[Round "9.64"]
[White "Ariza Torrijo, Justo"]
[Black "Gutierrez Herrera, Jose Antonio"]
[Result "0-1"]
[WhiteElo "1500"]
[BlackElo "1970"]
[PlyCount "94"]
[EventDate "2006.02.04"]
[EventType "team-tourn"]
[EventRounds "9"]
[EventCountry "ESP"]
[SourceTitle "EXT 2007"]
[Source "ChessBase"]
[SourceDate "2006.11.23"]
[SourceVersion "1"]
[SourceVersionDate "2006.11.23"]
[SourceQuality "1"]

1. Nf3 d6 2. d4 Nd7 3. e4 e5 4. Bc4 Be7 5. 0-0 Ngf6 6. Bxf7+ Kxf7 7. Ng5+ Kg8 8. Ne6 Qe8 9. Nxc7 Qd8 10. Nxa8 b6 11. dxe5 dxe5 12. b3 Bb7 13. Nxb6 axb6 14. Ba3 Bxe4 15. Bxe7 Qxe7 16. Nc3 Bc6 17. a4 Kf7 18. Qd3 Qc5 19. Rad1 Re8 20. Nb5 Bxb5 21. axb5 e4 22. Qe3 Qxc2 23. h3 Qc5 24. Rc1 Qxe3 25. fxe3 Re5 26. Rc7 Ke7 27. Kf2 Rxb5 28. Rb1 Rc5 29. Rxc5 Nxc5 30. Ra1 Kd6 31. g4 g5 32. h4 Nxg4+ 33. Kg3 Nxe3 34. hxg5 Ke5 35. Ra7 Kf5 36. Rxh7 Kxg5 37. b4 Nf5+ 38. Kg2 Nd3 39. Rb7 Kf4 40. Rxb6 e3 41. Re6 Ne5 42. b5 Nd4 43. Re8 Nxb5 44. Kf1 Nd4 45. Ke1 Ke4 46. Re7 Kd3 47. Rxe5 Nf3+ 0-1

[Event "ESP Autonomico-chT"]
[Site "Spain"]
[Date "2006.02.18"]
[Round "3.60"]
[White "Ariza Torrijo, Justo"]
[Black "Labrador Postigo, Francisco Manuel"]
[Result "1-0"]
[WhiteElo "1500"]
[BlackElo "2011"]
[PlyCount "95"]
[EventDate "2006.02.04"]
[EventType "team-tourn"]
[EventRounds "9"]
[EventCountry "ESP"]
[SourceTitle "EXT 2007"]
[Source "ChessBase"]
[SourceDate "2006.11.23"]
[SourceVersion "1"]
[SourceVersionDate "2006.11.23"]
[SourceQuality "1"]

1. Nf3 Nf6 2. d4 d5 3. Bg5 e6 4. e3 Be7 5. Bd3 b6 6. Ne5 0-0 7. c3 Ne4 8. Bxe7 Qxe7 9. 0-0 f6 10. Nf3 Ba6 11. Bxa6 Nxa6 12. Qa4 Nb8 13. Nbd2 Nd6 14. Rac1 b5 15. Qb3 g5 16. Ne1 Nc6 17. Nd3 Qf7 18. Nc5 Kh8 19. e4 Rae8 20. Rce1 Na5 21. Qc2 Qg6 22. Qd3 Nac4 23. Nxc4 bxc4 24. Qe2 g4 25. e5 Nf5 26. Nd7 Rf7 27. Nxf6 Rb8 28. g3 h5 29. f3 h4 30. fxg4 hxg3 31. hxg3 Kg7 32. gxf5 exf5 33. Kg2 c6 34. Rh1 f4 35. g4 Qd3 36. Qxd3 cxd3 37. Rh7+ Kg6 38. Rxf7 Rxb2+ 39. Kf3 Kxf7 40. Rd1 d2 41. Kxf4 Rxa2 42. Ke3 Ra3 43. Kd3 Ke6 44. Rxd2 Ra1 45. Rg2 Rb1 46. g5 Rd1+ 47. Ke2 Ra1 48. g6 1-0